000 00619nam a2200217Ia 4500
003 OSt
005 20220925222712.0
006 a|||||r|||| 00| 0
007 ta
008 220923b |||||||| |||| 00| 0 eng d
037 _cGeneral Book
040 _aRTL
_cRTL
_beng
041 _2eng
_aeng
082 _aRxN26:g(z), N4
100 _aHunt A
_9121901
245 0 _aFaucalt and Law
_btowardsa sociology of law as governance
260 _aLondon
_bPluto Press
_c1994
700 _a Wickham G
_9288202
942 _hRxN26:g(z), N4
_cGB
_2CC
999 _c577622
_d577622